The Ten Commandments - Statistics

General Stats
  • This quiz has been taken 80 times
  • The average score is 8 of 10
Answer Stats
No. Commandment Answer % Correct
1 Thou shalt have no other ____ before me. Gods
97%
3 Thou shalt not take the Lord thy God in ____. Vain
93%
7 Thou shalt not commit ________. Adultery
89%
6 Thou shalt not ____. Kill
89%
8 Thou shalt not _____. Steal
89%
5 _____ thy father and thy mother. Honor
88%
4 Remember the ________ day, to keep it holy. Sabbath
86%
9 Thou shalt not bear false _______. Witness
84%
10 Thou shalt not _____. Covet
63%
2 Thou shalt not make unto me any ______ image. Graven
56%
No matching quizzes found
Score Distribution
Percent of People with Each Score
Percentile by Number Answered
Your Score History
You have not taken this quiz